00626nam a2200181Ia 4500003000900000008004100009020001800050040001600068080001700084100002800101245008500129260003300214300001000247650004100257942000700298999001700305952012200322IN-BaIIA211028s9999 xx 000 0 eng d a0-14-019191-7 cIIA Library a159.954bKOE aKoestler, Arthur919032 4aThe act of creationcArthur Koestler  aEnglandbPenguin Booksc1964 a751 p aAstronomy and Astrophysics Thesaurus cBK c11112d11112 00104070aBANbBANcGENd1994-07-28g346.70l0o159.954/ KOEp12026r2021-11-05v346.70w1994-07-28yBKGRs. 346.70